| 000 | 00927nam a22002417a 4500 | ||
|---|---|---|---|
| 999 |
_c16588 _d16588 |
||
| 003 | AR-CdUCM | ||
| 008 | 190304b ||||| |||| 00| 0 spa d | ||
| 040 |
_aMUNICIPALIDAD PROVINCIAL DEL CUSCO _cBIBLIOTECA MUNICIPAL DEL CUSCO |
||
| 041 | _hfre | ||
| 082 |
_a923.1 / _bT22 |
||
| 100 |
_aTarle, Eugenio _936111 |
||
| 245 | _aNapoleón / | ||
| 260 |
_aBuenos Aires : _bProblemas, _c1943. |
||
| 300 |
_a501 páginas ; _c22 cm. |
||
| 505 | _aContenido:Juventud de Napoleón Bonaparte -- La campaña de Italia -- Conquista de Egipto y expedición a Siria -- El 18 de brumario de 1799 -- Primeros pasos del dictador 1799-1800... | ||
| 650 |
_aNapoleón Bonaparte - Biografía _97642 |
||
| 650 |
_aLevantamiento de Europa _936112 |
||
| 650 |
_aNapoleón Emperador de Francia _936113 |
||
| 650 |
_aCampaña de Italia _936114 |
||
| 700 |
_aLlorca, Carmén (Prólogo) _97645 |
||
| 942 |
_2ddc _cLIBROS |
||
| 945 |
_awnts _d2019-05-3 |
||